000 00955nam a22002657a 4500
005 20240530110631.0
008 170122s2015 ua a f b 000 0 ara d
017 _a2014/15442
_bمصر. دار الكتب
020 _a9789774384755
040 _aEG-CaGPL
_cEG-CaGPL
082 0 4 _221
_a709\
_bهـ ت
100 0 _aهالة السيد البشبيشى .
245 1 0 _aتاريخ الفن /
_cهالة السيد البشبيشى .
250 _aط.1
260 _aالقاهرة :
_bالمكتب الجامعى الحديث ،
_c2015 .
300 _a220ص. :
_bصور لو ؛
_c24 سم.
504 _aببليوجرافية : ص 211 - 212
650 0 7 _2qrmak
_aالفنون .
650 0 7 _2qrmak
_aالفن المصرى القديم .
650 0 7 _2qrmak
_aالزخرفة .
650 0 7 _2qrmak
_aالكهوف
_xرسم
650 0 7 _2qrmak
_aالفن
_xتاريخ و نقد .
942 _2ddc
_cBK
999 _c63253
_d63253